• 首页
  • 本馆介绍
  • 公告通知
  • 最新文献
  • 馆藏检索
  • 电子资源
  • 读者导购
  • 参考咨询
  • 我的图书馆
  • 登录
  • 详细信息显示
  • 放入我的书架
  • 预约/预借图书
  • 作者相关作品
  • 分类相关作品
  • 丛书相关作品
  • 出版社相关作品

书目信息

  • 表格格式
  • 工作单格式
  • 卡片格式
题名:
上海合作组织发展报告
    
 
作者: 杨成 主编 ;华东师范大学 , 华东师范大学 编
分册: 2014  
出版信息: 上海   上海人民出版社  2015
页数: 316页
开本: 24cm
丛书名:
单 册:
中图分类: D814.1 , F114.46
科图分类:
主题词:
电子资源:
ISBN: 978-7-208-12830-9
000 01494nam0 22002891 450
001 0116132742
005 20161219100342.40
010    @a978-7-208-12830-9@dCNY48.00
100    @a20160121d2015 em y0chiy50 ea
101 0  @achi
102    @aCN@b310000
105    @ay z 000yy
106    @ar
200 1  @a上海合作组织发展报告@9shang hai he zuo zu zhi fa zhan bao gao@h2014@dAnnual report on development of SCO@h2014@f杨成主编@g华东师范大学国际关系与地区发展研究院,华东师范大学俄罗斯研究中心[编]@zeng
210    @a上海@c上海人民出版社@d2015
215    @a316页@d24cm
300    @a2011年教育部哲学社会科学发展报告项目(培育)“上海合作组织发展报告”的阶段性成果 教育部人文社会科学重点研究基地重大项目“上海合作组织的中长期前景研究”的阶段性成果
330    @a本书试图从时间、空间,宏观、微观,外部、内部,理论、实证等多个维度考察上海合作组织及跨欧亚一体化这两个彼此密切关联、需要深入剖析的新议题。报告包括:《论中俄美对中亚地区整合战略的竞合关系》《上海合作组织经济合作的效率与非效率》《大国互动对上海合作组织发展的影响研究》等。
510 1  @aAnnual report on development of SCO@h2014@zeng
601 02 @a上海合作组织@Ashang hai he zuo zu zhi@x研究报告@z2014
690    @aD814.1@v5
690    @aF114.46@v5
701  0 @a杨成@9yang cheng@c(国际关系)@4主编
712 02 @a华东师范大学@9hua dong shi fan da xue@b国际关系与地区发展研究院@4编
712 02 @a华东师范大学@9hua dong shi fan da xue@b俄罗斯研究中心@4编
801  0 @aCN@bTANGWEI@c20160820
905    @b0952744-8@dD814.1@e118@f5
    
    上海合作组织发展报告.2014=Annual report on development of SCO.2014/杨成主编/华东师范大学国际关系与地区发展研究院,华东师范大学俄罗斯研究中心[编].-上海:上海人民出版社,2015
    316页;24cm
    2011年教育部哲学社会科学发展报告项目(培育)“上海合作组织发展报告”的阶段性成果 教育部人文社会科学重点研究基地重大项目“上海合作组织的中长期前景研究”的阶段性成果
    
    ISBN 978-7-208-12830-9:CNY48.00
    本书试图从时间、空间,宏观、微观,外部、内部,理论、实证等多个维度考察上海合作组织及跨欧亚一体化这两个彼此密切关联、需要深入剖析的新议题。报告包括:《论中俄美对中亚地区整合战略的竞合关系》《上海合作组织经济合作的效率与非效率》《大国互动对上海合作组织发展的影响研究》等。
●
相关链接 在E读中查询图书 在五车中查询图书 在当当中查询图书 在豆瓣中查询图书


正题名:上海合作组织发展报告     索取号:D814.1/118         预约/预借

序号 登录号 条形码 馆藏地/架位号 状态 备注
1 0952744   209527449   第一样本阅览室/ [索取号:D814.1/118] 在馆    
2 0952745   209527458   第一借阅区/ [索取号:D814.1/118] 在馆    
3 0952746   209527467   第一借阅区/ [索取号:D814.1/118] 在馆    
4 0952747   209527476   第一借阅区/ [索取号:D814.1/118] 在馆    
5 0952748   209527485   第一借阅区/ [索取号:D814.1/118] 在馆    
唐山师范学院图书馆 欢迎您!
大连网信软件有限公司© 版权所有